[Event "Entre Rios Region-ch"]
[Site "Chajari"]
[Date "2018.10.27"]
[Round "2.5"]
[White "Viera, Cristian"]
[Black "Petrich, Bautista"]
[Result "0-1"]
[WhiteElo "1638"]
[BlackElo "1902"]
[PlyCount "51"]
[EventDate "2018.10.26"]
[EventType "swiss"]
[EventRounds "6"]
[EventCountry "ARG"]
[SourceTitle "EXT 2024"]
[Source "ChessBase"]
[SourceDate "2023.10.10"]
[SourceVersion "1"]
[SourceVersionDate "2023.10.10"]
[SourceQuality "1"]

1. d4 Nf6 2. Bg5 e6 3. e4 Be7 4. e5 Nd5 5. Bxe7 Qxe7 6. Nf3 0-0 7. Bd3 Nf4 8. 0-0 Nc6 9. Be4 d5 10. exd6 cxd6 11. Qd2 Qf6 12. c3 e5 13. d5 Ne7 14. Na3 Qh6 15. Nc4 f5 16. Bc2 e4 17. Nd4 Nexd5 18. Bb3 Kh8 19. g3 Nh3+ 20. Kh1 f4 21. Nxd6 Qxd6 22. Nb5 Qc5 23. Qxd5 Nxf2+ 24. Kg1 Nh3+ 25. Kg2 f3+ 26. Kh1 0-1

[Event "Gualeguaychu U1700"]
[Site "Gualeguaychu"]
[Date "2018.05.12"]
[Round "2.3"]
[White "Viera, Cristian"]
[Black "Susco, Santiago"]
[Result "1-0"]
[WhiteElo "1534"]
[BlackElo "1075"]
[PlyCount "83"]
[EventDate "2018.05.12"]
[EventType "swiss"]
[EventRounds "5"]
[EventCountry "ARG"]
[SourceTitle "EXT 2024"]
[Source "ChessBase"]
[SourceDate "2023.10.10"]
[SourceVersion "1"]
[SourceVersionDate "2023.10.10"]
[SourceQuality "1"]

1. d4 c6 2. c4 d5 3. Nc3 Bf5 4. Qb3 Qd7 5. cxd5 cxd5 6. Qxd5 Nf6 7. Qxd7+ Nbxd7 8. Nf3 0-0-0 9. h3 e6 10. Bf4 Bb4 11. e3 Ne4 12. Rc1 Bxc3+ 13. bxc3 h6 14. Be2 g5 15. Bh2 f6 16. c4 Rhe8 17. c5 e5 18. 0-0 Kb8 19. c6 bxc6 20. Rxc6 g4 21. Rb1+ Ka8 22. hxg4 Nc3 23. Rb2 Nxe2+ 24. Rxe2 Bxg4 25. Rec2 Rb8 26. Nd2 Bf5 27. e4 Be6 28. Rd6 Rb6 29. dxe5 Nxe5 30. Bxe5 fxe5 31. Rxb6 axb6 32. a3 Kb7 33. Nf3 Ra8 34. Rc3 Ra5 35. Kh2 Ra4 36. Re3 Ra5 37. Kg3 h5 38. Ng5 Bd7 39. Kh4 Be8 40. Nh7 Bg6 41. Nf6 Ra4 42. f3 1-0